[Event "Hastings Masters"]
[Site "?"]
[Date "2010.01.01"]
[Round "5.1"]
[White "Edouard, Romain"]
[Black "Drozdovskij, Yuri"]
[Result "1/2-1/2"]
[WhiteElo "2620"]
[BlackElo "2625"]
[PlyCount "31"]
[EventDate "2010.01.01"]
[SourceDate "2010.01.01"]

1. d4 Nf6 2. c4 e6 3. Nf3 d5 4. Nc3 dxc4 5. e4 Bb4 6. Bg5 c5 7. Bxc4 cxd4 8.
Nxd4 Bxc3+ 9. bxc3 Qa5 10. Bb5+ Nbd7 11. Bxf6 Qxc3+ 12. Kf1 gxf6 13. h4 a6 14.
Rh3 Qb4 15. Be2 O-O 16. Rb1 1/2-1/2

[Event "Hastings Masters"]
[Site "?"]
[Date "2010.01.01"]
[Round "5.2"]
[White "Howell, David W L"]
[Black "Istratescu, Andrei"]
[Result "0-1"]
[WhiteElo "2597"]
[BlackElo "2624"]
[PlyCount "90"]
[EventDate "2010.01.01"]
[SourceDate "2010.01.01"]

1. e4 e6 2. d4 d5 3. Nd2 c5 4. Ngf3 cxd4 5. Nxd4 Nf6 6. exd5 Qxd5 7. Nb5 Na6 8.
c4 Qc6 9. Nf3 b6 10. Be2 Bb7 11. O-O Be7 12. a3 O-O 13. Nbd4 Qc8 14. b4 Rd8 15.
Qb3 e5 16. Nc2 e4 17. Nfd4 Nb8 18. Bb2 Nc6 19. Rad1 Nxd4 20. Nxd4 a5 21. h3
axb4 22. axb4 Bf8 {(=)} 23. Rc1 Qc7 24. Rfd1 Rac8 25. Nf5 Rxd1+ 26. Rxd1 Qf4
27. Ne3 Ne8 28. Bg4 Ra8 29. c5 Nf6 30. cxb6 Nxg4 31. Nxg4 Re8 32. Rd7 Re7 33.
Rd8 e3 34. Nxe3 Qg5 35. Rd5 Rxe3 36. Qxe3 Qxe3 37. fxe3 Bxd5 38. Bc3 f6 39. Kf2
Kf7 40. g4 g5 41. Ke2 Be4 42. Kf2 Ke6 43. Kg3 Bd6+ 44. Kf2 Be5 45. Bd2 Kd5 0-1

[Event "Hastings Masters"]
[Site "?"]
[Date "2010.01.01"]
[Round "5.3"]
[White "Ansell, Simon T"]
[Black "Hebden, Mark L"]
[Result "1/2-1/2"]
[WhiteElo "2387"]
[BlackElo "2522"]
[PlyCount "194"]
[EventDate "2010.01.01"]
[SourceDate "2010.01.01"]

1. e4 e5 2. Nf3 Nc6 3. Bb5 a6 4. Ba4 Nf6 5. O-O Be7 6. Re1 b5 7. Bb3 d6 8. a3
O-O 9. d3 Be6 10. Nbd2 Nd7 11. Bd5 Bxd5 12. exd5 Ncb8 13. d4 Nb6 14. dxe5 dxe5
15. Nxe5 Qxd5 16. Qg4 Bf6 17. Ndf3 Nc6 18. Bf4 Rad8 19. Qg3 Nxe5 20. Bxe5 Bxe5
21. Qxe5 Qxe5 22. Nxe5 Rd2 23. Rac1 Rc8 24. Nc6 Kf8 25. b3 Rd6 26. Ne5 f6 27.
Ng4 Nd5 28. Ne3 Nc3 29. Nd1 Rc6 30. Nxc3 Rxc3 31. Re3 Rxe3 32. fxe3 Rd8 33. Kf2
Rd2+ 34. Kf3 Ke7 35. c4 Kd6 36. cxb5 axb5 37. a4 bxa4 38. bxa4 c5 39. Ra1 Kc6
40. a5 Kb7 41. Rc1 Rd5 42. Ke4 Re5+ 43. Kd3 Ka6 44. Ra1 h5 45. g3 Re6 46. Kc4
Rxe3 47. Kxc5 Re2 48. h4 Re3 49. Rg1 Re4 50. Ra1 Re3 51. Rg1 f5 52. Rg2 g6 53.
Rg1 Re5+ 54. Kd4 Re4+ 55. Kd3 Kxa5 56. Rf1 Kb5 57. Rf4 Re1 58. Kd2 Re5 59. Kd3
Re1 60. Kd2 Re6 61. Kd3 Kc6 62. Ra4 Kd7 63. Ra7+ Ke8 64. Ra2 Kf7 65. Re2 Ra6
66. Ke3 Ra4 67. Kf3 Rg4 68. Ra2 f4 69. Ra7+ Kf6 70. Ra6+ Kg7 71. gxf4 Rxh4 72.
Kg3 Rh1 73. Kg2 Rd1 74. Ra3 Kf6 75. Kg3 Rd5 76. Rb3 Kf5 77. Kf3 h4 78. Ra3 Rb5
79. Rc3 h3 80. Kg3 h2 81. Kxh2 Kxf4 82. Rc4+ Kf3 83. Rc3+ Kf4 84. Rc4+ Kf5 85.
Kg3 Rb3+ 86. Kg2 Re3 87. Ra4 Re4 88. Rxe4 Kxe4 89. Kg3 Kf5 90. Kf3 g5 91. Kg3
g4 92. Kg2 Kf4 93. Kf2 g3+ 94. Kg2 Kg4 95. Kg1 Kf3 96. Kf1 g2+ 97. Kg1 Kg3
1/2-1/2

[Event "Hastings Masters"]
[Site "?"]
[Date "2010.01.01"]
[Round "5.4"]
[White "Hracek, Zbynek"]
[Black "Kolbus, Dietmar"]
[Result "1-0"]
[WhiteElo "2624"]
[BlackElo "2355"]
[PlyCount "117"]
[EventDate "2010.01.01"]
[SourceDate "2010.01.01"]

1. e4 c5 2. Nf3 Nc6 3. d4 cxd4 4. Nxd4 Nf6 5. Nc3 d6 6. Bg5 e6 7. Qd2 Nxd4 8.
Qxd4 a6 9. O-O-O Be7 10. f4 O-O 11. Be2 Qa5 12. h4 e5 13. Qd3 exf4 14. Kb1 Be6
15. Nd5 Bxd5 16. exd5 Qd8 17. Bxf4 Nd7 18. g4 Re8 19. g5 Bf8 20. h5 Nc5 21. Qf3
b5 22. g6 Ra7 23. Be3 Qf6 24. Qxf6 gxf6 25. Bxc5 dxc5 26. Bd3 hxg6 27. hxg6 Re5
28. Rhf1 Rxd5 29. gxf7+ Kg7 30. Rh1 f5 31. c4 Rd4 32. cxb5 axb5 33. Bxb5 Rxd1+
34. Rxd1 Kxf7 35. Rd5 Kg6 36. Bd3 Rf7 37. a4 Kg5 38. a5 Kf4 39. Bxf5 Ra7 40.
Bc8 Ke4 41. Rd8 Be7 42. Re8 Kd5 43. a6 Kd6 44. Bb7 Bf6 45. Rc8 Bd4 46. Kc2 Bg1
47. Kd3 Bf2 48. Kc4 Bg1 49. Rc6+ Kd7 50. Rxc5 Bxc5 51. Kxc5 Kc7 52. Kb5 Rxb7+
53. axb7 Kxb7 54. b4 Kb8 55. Kb6 Ka8 56. Kc7 Ka7 57. b5 Ka8 58. Kb6 Kb8 59. Ka6
1-0

[Event "Hastings Masters"]
[Site "?"]
[Date "2010.01.01"]
[Round "5.6"]
[White "Arkell, Keith C"]
[Black "Knott, Simon J B"]
[Result "1-0"]
[WhiteElo "2464"]
[BlackElo "2348"]
[PlyCount "87"]
[EventDate "2010.01.01"]
[SourceDate "2010.01.01"]

1. c4 Nf6 2. Nc3 d5 3. cxd5 Nxd5 4. Nf3 g6 5. g3 Bg7 6. Bg2 O-O 7. O-O Nc6 8.
d4 Nb6 9. e3 Re8 10. b3 e5 11. Nxe5 Nxe5 12. dxe5 Qxd1 13. Rxd1 Bxe5 14. Bb2 c6
15. Rd2 Bf5 16. Rad1 a5 17. Ne2 Bxb2 18. Rxb2 Rad8 19. Rc1 Re7 20. Nd4 Be4 21.
Bxe4 Rxe4 22. b4 Na4 23. Rb3 axb4 24. Rxb4 c5 25. Rxa4 cxd4 26. Rd1 Rc8 27. Rb1
Re6 28. Rxd4 Rc2 29. Rf4 b6 30. a4 Ra2 31. g4 g5 32. Rf5 h6 33. Rb4 Kg7 34. h4
gxh4 35. Rbf4 f6 36. Rb4 Rc6 37. Kg2 Rc5 38. Rff4 Rg5 39. Kh3 Ra1 40. Kxh4 h5
41. Rxf6 Rxg4+ 42. Rxg4+ Kxf6 43. Kxh5 Kf5 44. Rf4+ 1-0

[Event "Hastings Masters"]
[Site "?"]
[Date "2010.01.01"]
[Round "5.7"]
[White "Druckenthaner, Andreas"]
[Black "Philippe, Christophe"]
[Result "0-1"]
[WhiteElo "2296"]
[BlackElo "2430"]
[PlyCount "114"]
[EventDate "2010.01.01"]
[SourceDate "2010.01.01"]

1. e4 Nf6 2. e5 Nd5 3. g3 d6 4. exd6 Qxd6 5. Bg2 Nc6 6. Nc3 Nxc3 7. bxc3 e5 8.
d3 Be7 9. Ne2 h5 10. a4 h4 11. Ba3 Qf6 12. Bxe7 Qxe7 13. Qc1 Nd8 14. Qe3 c6 15.
O-O hxg3 16. hxg3 f6 17. f4 Nf7 18. fxe5 Qxe5 19. Qxe5+ Nxe5 20. Nf4 Bg4 21. d4
Nc4 22. Ng6 Rh6 23. Rae1+ Kf7 24. Ne5+ Nxe5 25. Rxe5 Bh3 26. Rc5 Rd8 27. Rb1
Rd7 28. a5 a6 29. Bh1 Be6 30. Bf3 Rh8 31. Kg2 Re8 32. Kf2 Bd5 33. Bxd5+ cxd5
34. Kf3 Kg6 35. Kf2 f5 36. Rb6+ Kg5 37. Kf3 Rde7 38. Rxd5 Re3+ 39. Kf2 Re2+ 40.
Kf1 Re1+ 41. Kf2 R8e2+ 42. Kf3 Re3+ 43. Kf2 R1e2+ 44. Kf1 Rxc2 45. Rxb7 g6 46.
Rb6 Rf3+ 47. Ke1 Rxg3 48. Kf1 Kf4 49. c4 Rf3+ 50. Kg1 g5 51. c5 g4 52. Re5 Kg3
53. Re1 Rg2+ 54. Kh1 Rh2+ 55. Kg1 f4 56. c6 Rff2 57. Rb3+ f3 0-1

[Event "Hastings Masters"]
[Site "?"]
[Date "2010.01.01"]
[Round "5.8"]
[White "Kjartansson, Gudmundur"]
[Black "Williams, Peter A"]
[Result "1/2-1/2"]
[WhiteElo "2391"]
[BlackElo "2012"]
[PlyCount "104"]
[EventDate "2010.01.01"]
[SourceDate "2010.01.01"]

1. Nf3 Nf6 2. c4 c6 3. e3 d5 4. Nc3 Bg4 5. cxd5 Nxd5 6. d4 e6 7. Be2 Bd6 8. O-O
O-O 9. h3 Bh5 10. Ne4 Bc7 11. Qb3 Qe7 12. Nc5 b6 13. Nd3 Nd7 14. e4 N5f6 15. e5
Nd5 16. Bg5 Qe8 17. Rfe1 c5 18. Rac1 Qb8 19. Qb5 Qe8 20. a4 cxd4 21. Nf4 Nxf4
22. Bxf4 Rc8 23. Nxd4 Bxe2 24. Rxe2 Nc5 25. Rec2 a5 26. Qxe8 Rcxe8 27. Nb5 Bb8
28. Nd6 Rd8 29. Bg3 f6 30. f4 Bxd6 31. exd6 Ne4 32. Be1 Rxd6 33. b4 Rd5 34. Rc6
axb4 35. Bxb4 Rb8 36. Rxe6 Rd4 37. Be1 Nc5 38. Re7 Rbd8 39. a5 Rd1 40. Rxd1
Rxd1 41. axb6 Rb1 42. Kh2 Rxb6 43. Bf2 Rc6 44. f5 Kf8 45. Ra7 Ne4 46. Be1 Nd6
47. Bb4 Kg8 48. g4 g6 49. Rd7 Nf7 50. fxg6 hxg6 51. Kg3 Ne5 52. Rb7 Rc4 1/2-1/2

[Event "Hastings Masters"]
[Site "?"]
[Date "2010.01.01"]
[Round "5.9"]
[White "Talsma, Paul"]
[Black "Greet, Andrew"]
[Result "0-1"]
[WhiteElo "2252"]
[BlackElo "2423"]
[PlyCount "106"]
[EventDate "2010.01.01"]
[SourceDate "2010.01.01"]

1. d4 Nf6 2. c4 e6 3. Nc3 Bb4 4. a3 Bxc3+ 5. bxc3 b6 6. f3 Ba6 7. e4 Nc6 8. Bg5
Qc8 9. Bd3 Na5 10. Nh3 Bxc4 11. Bxc4 Nxc4 12. Qd3 Qa6 13. O-O h6 14. Bxf6 gxf6
15. a4 O-O-O 16. Nf2 h5 17. f4 Kb7 18. e5 f5 19. Nh3 Na5 20. Qf3+ Kb8 21. Ng5
Rdf8 22. Qd1 Qc4 23. Rf3 h4 24. Rh3 f6 25. exf6 Rxf6 26. Qe1 Rff8 27. Nf3 Rfg8
28. Rxh4 Rxh4 29. Nxh4 Qd3 30. Kh1 Nc4 31. Qf1 Qxf1+ 32. Rxf1 Kb7 33. g3 Kc6
34. Nf3 Kd5 35. Ne5 d6 36. Nxc4 Kxc4 37. Kg2 a5 38. h4 b5 39. axb5 a4 40. Ra1
Ra8 41. Ra3 Kd3 42. g4 fxg4 43. Kg3 Kc2 44. c4 Kb2 45. Re3 a3 46. Rxe6 a2 47.
Re1 a1=Q 48. Rxa1 Rxa1 49. c5 Kc3 50. Kxg4 Kxd4 51. cxd6 cxd6 52. h5 Ke4 53.
Kg5 Ra5 0-1

[Event "Hastings Masters"]
[Site "?"]
[Date "2010.01.01"]
[Round "5.10"]
[White "Collins, Sam E"]
[Black "Furman, Boris"]
[Result "0-1"]
[WhiteElo "2431"]
[BlackElo "2223"]
[PlyCount "80"]
[EventDate "2010.01.01"]
[SourceDate "2010.01.01"]

1. e4 c5 2. Nf3 Nc6 3. d4 cxd4 4. Nxd4 Nf6 5. Nc3 d6 6. Bg5 e6 7. Qd2 Be7 8.
O-O-O O-O 9. f4 h6 10. Bh4 e5 11. Nf5 Bxf5 12. exf5 exf4 13. Kb1 d5 14. Bxf6
Bxf6 15. Nxd5 Be5 16. Bc4 b5 17. Bb3 a5 18. c3 a4 19. Bc2 a3 20. Qd3 axb2 21.
f6 g6 22. Qxb5 Qa5 23. Qxa5 Nxa5 24. Rhe1 Rfb8 25. h4 Nc4 26. Bb3 Ne3 27. Rxe3
fxe3 28. Kxb2 Re8 29. Nxe3 Bxf6 30. Ng4 Re2+ 31. Kb1 Bxc3 32. Rd7 Rxg2 33.
Nxh6+ Kg7 34. Nxf7 Kf6 35. Rd6+ Ke7 36. Rc6 Bd4 37. Re6+ Kf8 38. Rd6 Rb2+ 39.
Kc1 Rc8+ 40. Kd1 Be3 0-1

[Event "Hastings Masters"]
[Site "?"]
[Date "2010.01.01"]
[Round "5.11"]
[White "Breder, Dennis"]
[Black "Anderson, John"]
[Result "1/2-1/2"]
[WhiteElo "2427"]
[BlackElo "2209"]
[PlyCount "59"]
[EventDate "2010.01.01"]
[SourceDate "2010.01.01"]

1. e4 d6 2. d4 g6 3. g3 Bg7 4. Bg2 c5 5. Ne2 cxd4 6. Nxd4 Nf6 7. Nc3 O-O 8. h3
Nc6 9. Nde2 Bd7 10. O-O Re8 11. a4 Rc8 12. Be3 b6 13. Nd5 Na5 14. Bd4 Nxd5 15.
exd5 Bf5 16. c3 e5 17. dxe6 Bxe6 18. Bxg7 Kxg7 19. Nd4 Bc4 20. Re1 Rxe1+ 21.
Qxe1 Nb3 22. Nxb3 Bxb3 23. Qe3 Qe8 24. Qd4+ Qe5 25. Qb4 Bd5 26. Rd1 Rc4 27. Qb5
Be6 28. Bf1 Rc5 29. Qb4 Rd5 30. Rxd5 1/2-1/2

[Event "Hastings Masters"]
[Site "?"]
[Date "2010.01.01"]
[Round "5.12"]
[White "Zdebskaja, Natalia"]
[Black "Nilsen, Joachim Birger"]
[Result "1/2-1/2"]
[WhiteElo "2408"]
[BlackElo "2126"]
[PlyCount "49"]
[EventDate "2010.01.01"]
[SourceDate "2010.01.01"]

1. e4 c5 2. Nc3 a6 3. Nf3 d6 4. d4 cxd4 5. Nxd4 Nf6 6. Bg5 e6 7. f4 Be7 8. Qf3
Qb6 9. O-O-O Nc6 10. Nxc6 Qxc6 11. Bd3 h6 12. Bh4 Bd7 13. Kb1 Qc7 14. e5 dxe5
15. fxe5 Bc6 16. Qe2 Nd5 17. Nxd5 Bxd5 18. Bxe7 Qxe7 19. c4 Bc6 20. Be4 Rc8 21.
Rd6 Bxe4+ 22. Qxe4 O-O 23. Rhd1 b5 24. cxb5 axb5 25. Qb4 1/2-1/2

[Event "Hastings Masters"]
[Site "?"]
[Date "2010.01.01"]
[Round "5.14"]
[White "Bates, Richard A"]
[Black "Green, Andrew D"]
[Result "1/2-1/2"]
[WhiteElo "2383"]
[BlackElo "2151"]
[PlyCount "28"]
[EventDate "2010.01.01"]
[SourceDate "2010.01.01"]

1. d4 Nf6 2. Nf3 g6 3. g3 Bg7 4. Bg2 O-O 5. O-O c6 6. c4 d6 7. Nc3 Bf5 8. Ne1
Qc8 9. e4 Bh3 10. e5 Ne8 11. Bf4 Bxg2 12. Nxg2 dxe5 13. dxe5 Nc7 14. Qe2 Ne6
1/2-1/2

[Event "Hastings Masters"]
[Site "?"]
[Date "2010.01.01"]
[Round "5.15"]
[White "Eggleston, David J"]
[Black "Franklin, Samuel G A"]
[Result "1/2-1/2"]
[WhiteElo "2367"]
[BlackElo "2139"]
[PlyCount "126"]
[EventDate "2010.01.01"]
[SourceDate "2010.01.01"]

1. e4 c5 2. Nf3 d6 3. d4 cxd4 4. Nxd4 Nf6 5. Nc3 g6 6. Be3 Bg7 7. f3 O-O 8. Qd2
Nc6 9. O-O-O d5 10. exd5 Nxd5 11. Nxc6 bxc6 12. Bd4 e5 13. Bc5 Be6 14. Ne4 Rb8
15. Bc4 f5 16. Ng5 e4 17. Bb3 Qf6 18. c3 Bh6 19. h4 Rfe8 20. fxe4 fxe4 21. Rde1
e3 22. Bxe3 Nxe3 23. Bxe6+ Rxe6 24. Rxe3 Rd6 25. Qe2 Bxg5 26. hxg5 Qxg5 27. Kb1
Qf5+ 28. Ka1 Rf8 29. Rf3 Qe6 30. Rxf8+ Kxf8 31. Qf2+ Qf7 32. Qxf7+ Kxf7 33.
Rxh7+ Kg8 34. Rh1 Rd2 35. Rg1 Kf7 36. a4 Ke6 37. Ka2 Kd6 38. Ka3 Kc5 39. g4 Re2
40. g5 Re5 41. Rg4 a5 42. Rg2 Rf5 43. b3 Re5 44. Kb2 Rf5 45. Kc2 Rd5 46. Rg4
Rf5 47. Kd3 Rf3+ 48. Kd2 Kb6 49. b4 Rf5 50. Kc2 Rf2+ 51. Kb3 Rf5 52. Rg3 Re5
53. Rg4 Rf5 54. Kc4 Rd5 55. Rg3 Rf5 56. Kd4 Rd5+ 57. Ke4 Rf5 58. Rg4 Kb7 59.
bxa5 Ka6 60. Rf4 Rxg5 61. Rf6 Kb7 62. a6+ Kb6 63. a7 Ra5 1/2-1/2

[Event "Hastings Masters"]
[Site "?"]
[Date "2010.01.01"]
[Round "5.18"]
[White "Demac, Elias"]
[Black "Prosviriakov, Vladimir"]
[Result "1-0"]
[WhiteElo "2084"]
[BlackElo "2311"]
[PlyCount "105"]
[EventDate "2010.01.01"]
[SourceDate "2010.01.01"]

1. d4 e6 2. c4 f5 3. Nc3 Nf6 4. e3 Bb4 5. Bd3 O-O 6. Nge2 b6 7. a3 Be7 8. O-O
Bb7 9. f3 a5 10. b3 Qc8 11. Bb2 d6 12. Qc2 g6 13. e4 Nc6 14. exf5 exf5 15. d5
Ne5 16. Rae1 c6 17. dxc6 Qxc6 18. Kh1 Qd7 19. Na4 Bd8 20. Bd4 Qc6 21. Nf4 Re8
22. Qc3 g5 23. Nh3 g4 24. Ng1 gxf3 25. Nxf3 Ne4 26. Bxe4 fxe4 27. Nxe5 dxe5 28.
Bxe5 Bh4 29. Re2 Rf8 30. Rg1 Qg6 31. Bg3 Bf6 32. Qe3 Rad8 33. Qxb6 Qf7 34. Nc5
Bd4 35. Qxb7 Qf1 36. Re1 Bxg1 37. Rxf1 Rxf1 38. h4 Bxc5+ 39. Kh2 Bg1+ 40. Kh3
e3 41. Qe7 Rd2 42. Qe8+ Rf8 43. Qe6+ Rf7 44. Bd6 Kg7 45. h5 Rxd6 46. Qxd6 Rf6
47. Qe7+ Rf7 48. Qe5+ Kf8 49. Qh8+ Ke7 50. c5 Kd7 51. Qd4+ Kc8 52. c6 Rc7 53.
Qd5 1-0

[Event "Hastings Masters"]
[Site "?"]
[Date "2010.01.01"]
[Round "5.19"]
[White "Muheim, Sebastien"]
[Black "Eames, Robert S"]
[Result "0-1"]
[WhiteElo "2040"]
[BlackElo "2276"]
[PlyCount "54"]
[EventDate "2010.01.01"]
[SourceDate "2010.01.01"]

1. d4 Nf6 2. c4 c5 3. d5 b5 4. cxb5 a6 5. f3 axb5 6. e4 Qa5+ 7. Bd2 b4 8. Na3
e6 9. Nc4 Qc7 10. dxe6 dxe6 11. Nh3 Nc6 12. Bd3 Be7 13. O-O O-O 14. f4 Rd8 15.
Rf3 Ba6 16. e5 Rxd3 17. exf6 Rxf3 18. Qxf3 Bxf6 19. Rc1 Bb7 20. Qh5 g6 21. Qh6
Bg7 22. Qh4 Nd4 23. Qg4 Qc6 24. Re1 h5 25. Qg3 Nf5 26. Qf2 Bd4 27. Ne3 Rxa2 0-1

[Event "Hastings Masters"]
[Site "?"]
[Date "2010.01.01"]
[Round "5.20"]
[White "Grant, David J"]
[Black "Grant, Alan G"]
[Result "1/2-1/2"]
[WhiteElo "2020"]
[BlackElo "2236"]
[PlyCount "122"]
[EventDate "2010.01.01"]
[SourceDate "2010.01.01"]

1. e4 c6 2. d4 d5 3. exd5 cxd5 4. c4 Nf6 5. Nc3 g6 6. Qb3 Bg7 7. cxd5 O-O 8.
Be2 Na6 9. Bf4 Qb6 10. Qxb6 axb6 11. d6 Nb4 12. dxe7 Re8 13. Kf1 Bd7 14. Bc4
Bc6 15. Rd1 Nbd5 16. Bd6 Rac8 17. Nb5 Ne4 18. Ba3 Bf6 19. Bd3 Nf4 20. Na7 Nxd3
21. Rxd3 Bd5 22. Ne2 Rc2 23. Ke1 Bxe7 24. Kd1 Rxe2 25. Kxe2 Bc4 26. Rc1 Bxd3+
27. Kxd3 Nxf2+ 28. Kc2 Bxa3 29. bxa3 Re2+ 30. Kb3 Ne4 31. Rc2 Re1 32. Nc8 Rd1
33. d5 Kf8 34. Nxb6 Rb1+ 35. Rb2 Nd2+ 36. Kc2 Rxb2+ 37. Kxb2 Nf1 38. h3 Ne3 39.
g4 Nd1+ 40. Kb3 Nf2 41. Kb4 Nxh3 42. d6 Nf2 43. Nd7+ Ke8 44. Nf6+ Kd8 45. Kb5
h5 46. gxh5 gxh5 47. Nxh5 Ne4 48. Kb6 Nxd6 49. Nf6 Kc8 50. a4 Nc4+ 51. Kc5 Nb2
52. a5 Kb8 53. Kd6 Ka7 54. Ke7 Ka6 55. Kxf7 Kxa5 56. Ke6 Na4 57. Nd5 Nc5+ 58.
Ke5 Nd3+ 59. Kd4 Nc1 60. Nc3 Kb4 61. a3+ Kxa3 1/2-1/2

[Event "Hastings Masters"]
[Site "?"]
[Date "2010.01.01"]
[Round "5.21"]
[White "Sugden, John N"]
[Black "Jaunooby, Ali R"]
[Result "1-0"]
[WhiteElo "2219"]
[BlackElo "2171"]
[PlyCount "127"]
[EventDate "2010.01.01"]
[SourceDate "2010.01.01"]

1. e4 g6 2. d4 Bg7 3. c4 c5 4. Nf3 Nc6 5. d5 Nd4 6. Nxd4 cxd4 7. Bd3 e5 8. Nd2
d6 9. b3 Qa5 10. Qc2 f5 11. Rb1 Qc3 12. Qxc3 dxc3 13. Nf1 Nf6 14. f3 Nh5 15. g3
fxe4 16. fxe4 O-O 17. Ne3 Bh6 18. Nd1 Rf3 19. Bxh6 Rxd3 20. Rc1 Nf6 21. Rf1 c2
22. Rxc2 Bg4 23. Nf2 Rf3 24. Nxg4 Rxf1+ 25. Kxf1 Nxg4 26. Bc1 Rf8+ 27. Kg2 Rc8
28. h3 Nf6 29. Re2 b5 30. Bg5 Kg7 31. Bxf6+ Kxf6 32. Rc2 Ke7 33. Kf3 a5 34. Ke3
b4 35. a4 Rc5 36. Rf2 Rc8 37. g4 h6 38. h4 Rh8 39. Rc2 Rc8 40. Rg2 Rh8 41. Rf2
Rc8 42. Rf3 Rh8 43. c5 dxc5 44. Kd3 c4+ 45. bxc4 b3 46. Kc3 Rb8 47. Rf2 g5 48.
hxg5 hxg5 49. Rb2 Rf8 50. c5 Rf3+ 51. Kc4 Re3 52. Rxb3 Rxe4+ 53. Kb5 Rxg4 54.
Kc6 Rd4 55. Rb7+ Kf6 56. Kd6 g4 57. c6 g3 58. c7 Rc4 59. Rb3 g2 60. Rf3+ Rf4
61. Rg3 Rc4 62. Rxg2 e4 63. Rf2+ Kg5 64. Rf8 1-0

[Event "Hastings Masters"]
[Site "?"]
[Date "2010.01.01"]
[Round "5.22"]
[White "Williams, Simon K"]
[Black "Goodger, Martyn"]
[Result "1-0"]
[WhiteElo "2550"]
[BlackElo "2147"]
[PlyCount "53"]
[EventDate "2010.01.01"]
[SourceDate "2010.01.01"]

1. d4 f5 2. h3 Nf6 3. g4 d5 4. Nf3 fxg4 5. hxg4 Bxg4 6. Ne5 Bf5 7. Bh3 e6 8.
Bxf5 exf5 9. Qd3 Nc6 10. Bg5 Qd6 11. Nc3 Nxe5 12. dxe5 Qxe5 13. Bxf6 gxf6 14.
Qb5+ Kf7 15. O-O-O d4 16. Qc4+ Qe6 17. Qxc7+ Be7 18. Rxd4 Qc6 19. Qh2 h5 20.
Rhd1 Rac8 21. Kb1 b5 22. R1d2 Kg6 23. Nd5 Bc5 24. Nf4+ Kf7 25. Rd7+ Ke8 26.
Nxh5 Rg8 27. R2d6 1-0

[Event "Hastings Masters"]
[Site "?"]
[Date "2010.01.01"]
[Round "5.23"]
[White "McKenna, Jason P"]
[Black "Martin, Andrew D"]
[Result "0-1"]
[WhiteElo "2147"]
[BlackElo "2423"]
[PlyCount "58"]
[EventDate "2010.01.01"]
[SourceDate "2010.01.01"]

1. e4 g6 2. d4 Bg7 3. Nf3 d6 4. Nc3 a6 5. a4 b6 6. Be3 Nd7 7. Bd3 e6 8. Qd2 h6
9. Ne2 Bb7 10. Ng3 Ngf6 11. h3 e5 12. dxe5 dxe5 13. O-O h5 14. Bg5 Qe7 15. Rfe1
Nc5 16. Qc3 O-O 17. Nxe5 Qe8 18. Nf3 Nh7 19. Qc4 Nxg5 20. Nxg5 Qe5 21. h4 Rad8
22. b4 Nxa4 23. Nf3 Qe7 24. e5 Nb2 25. Qb3 Nxd3 26. cxd3 Bxf3 27. gxf3 Rd4 28.
Rxa6 Rfd8 29. Ra7 Bxe5 0-1

[Event "Hastings Masters"]
[Site "?"]
[Date "2010.01.01"]
[Round "5.24"]
[White "Griffiths, Ryan Rhys"]
[Black "Webb, Laurence E"]
[Result "1-0"]
[WhiteElo "2148"]
[BlackElo "2321"]
[PlyCount "141"]
[EventDate "2010.01.01"]
[SourceDate "2010.01.01"]

1. c4 e5 2. g3 Nf6 3. Bg2 d5 4. cxd5 Nxd5 5. Nc3 Nb6 6. Nf3 Nc6 7. O-O Be7 8.
a3 O-O 9. b4 Be6 10. Rb1 f6 11. d3 a5 12. b5 Nd4 13. Nd2 Nd5 14. Bxd5 Bxd5 15.
e3 Nxb5 16. Nxb5 Ba2 17. Ra1 Be6 18. Qc2 Qd7 19. Rb1 c6 20. Nc3 Rfd8 21. Na4
Qxd3 22. Qxd3 Rxd3 23. Rxb7 Bxa3 24. Bxa3 Rxa3 25. Nc5 Bh3 26. Rc1 Rd8 27. Nc4
Ra2 28. Rb2 Rxb2 29. Nxb2 Rb8 30. Nca4 Bd7 31. Rc5 Rb5 32. Kg2 Kf7 33. Nc4 Rb4
34. Ncb6 Bf5 35. Rxa5 g5 36. f3 g4 37. f4 Be4+ 38. Kf2 exf4 39. exf4 Bc2 40.
Ke3 Kg6 41. Kd2 Be4 42. Rc5 Rb1 43. Rc1 Rb5 44. Nc4 Rh5 45. Ke3 Bd5 46. Rc2
Bxc4 47. Rxc4 Rxh2 48. Nc3 Rg2 49. Ne2 h5 50. Rxc6 h4 51. f5+ Kg5 52. gxh4+
Kxh4 53. Rxf6 Kg5 54. Rf8 Rh2 55. Nd4 Rh3+ 56. Ke4 Rh7 57. Rg8+ Kf6 58. Rg6+
Kf7 59. Rxg4 Rh1 60. Ke5 Re1+ 61. Re4 Ra1 62. Rh4 Re1+ 63. Kd5 Rd1 64. Rh6 Re1
65. Nf3 Rd1+ 66. Ke5 Ra1 67. Rh7+ Kg8 68. Rb7 Ra5+ 69. Kf6 Ra6+ 70. Kg5 Ra5 71.
Kg6 1-0

[Event "Hastings Masters"]
[Site "?"]
[Date "2010.01.01"]
[Round "5.25"]
[White "Cafferty, Bernard"]
[Black "Rudd, Jack"]
[Result "1/2-1/2"]
[WhiteElo "2141"]
[BlackElo "2296"]
[PlyCount "95"]
[EventDate "2010.01.01"]
[SourceDate "2010.01.01"]

1. Nf3 Nf6 2. c4 e6 3. g3 b6 4. Bg2 Bb7 5. O-O c5 6. b3 d5 7. Bb2 Nc6 8. e3 Be7
9. Qe2 O-O 10. d3 Re8 11. Rd1 Qc7 12. Nc3 Rad8 13. Rac1 Qb8 14. cxd5 exd5 15.
d4 cxd4 16. Nxd4 Nxd4 17. Rxd4 Bc5 18. Rf4 d4 19. Na4 d3 20. Qd1 Bxg2 21. Bxf6
gxf6 22. Qg4+ Kh8 23. Nxc5 Ba8 24. Ne4 Qb7 25. f3 Qe7 26. Qh4 Rg8 27. Qxf6+
Qxf6 28. Nxf6 Rg5 29. Rd1 Rc5 30. Rd4 Rxd4 31. exd4 Rf5 32. Nd7 Rd5 33. Ne5
Rxd4 34. Nxf7+ Kg7 35. Ne5 Kf6 36. f4 Re4 37. Rxd3 Re2 38. a3 Rg2+ 39. Kf1 Ra2
40. b4 h5 41. h3 Bg2+ 42. Ke1 Bxh3 43. Nc6 Kf5 44. Re3 Ra1+ 45. Kf2 Ra2+ 46.
Ke1 Ra1+ 47. Kf2 Ra2+ 48. Ke1 1/2-1/2

[Event "Hastings Masters"]
[Site "?"]
[Date "2010.01.01"]
[Round "5.26"]
[White "Getz, Nicolai"]
[Black "O'Toole, George E"]
[Result "1-0"]
[WhiteElo "2270"]
[BlackElo "2146"]
[PlyCount "179"]
[EventDate "2010.01.01"]
[SourceDate "2010.01.01"]

1. e4 e5 2. Nf3 Nc6 3. Bc4 Bc5 4. d3 Nf6 5. O-O d6 6. c3 a6 7. Bb3 Ba7 8. Nbd2
O-O 9. h3 h6 10. Re1 Nh5 11. Nf1 Qf6 12. Be3 Nf4 13. Ng3 g6 14. Nh2 h5 15. Qd2
Bxe3 16. fxe3 Ne6 17. Rf1 Qh4 18. Qf2 Ng5 19. Kh1 Be6 20. Bc2 Rae8 21. d4 Bd7
22. Rad1 Nh7 23. Nf3 Qe7 24. a3 Ng5 25. d5 Nd8 26. Nxg5 Qxg5 27. Qf6 Qxf6 28.
Rxf6 Kg7 29. Rdf1 h4 30. Ne2 Bb5 31. R6f2 f6 32. a4 Bxe2 33. Rxe2 Nf7 34. a5
Ng5 35. Kh2 Rb8 36. Ra1 f5 37. exf5 gxf5 38. Rf1 Ne4 39. Bxe4 fxe4 40. Ra1 b5
41. axb6 Rxb6 42. Ra4 Rfb8 43. Rxe4 Rxb2 44. Rxb2 Rxb2 45. Rxh4 Rd2 46. Rc4
Rxd5 47. Rxc7+ Kf6 48. Rc6 a5 49. Kg3 Ke6 50. Kf3 Rd2 51. Ra6 Ra2 52. c4 Ke7
53. h4 a4 54. h5 Ra1 55. Ke4 a3 56. h6 Rh1 57. Kf5 Rxh6 58. Ra7+ Ke8 59. Rxa3
Kd7 60. g4 Rh1 61. Ra7+ Kc6 62. g5 Re1 63. e4 Rf1+ 64. Ke6 Rg1 65. Kf6 Rf1+ 66.
Ke6 Rg1 67. Ra6+ Kc5 68. Rxd6 Rxg5 69. Rd5+ Kxc4 70. Rxe5 Rg8 71. Ra5 Re8+ 72.
Kf5 Rf8+ 73. Kg5 Re8 74. Kf4 Rf8+ 75. Rf5 Re8 76. Rf6 Kd4 77. Rd6+ Kc5 78. e5
Rf8+ 79. Rf6 Rd8 80. Kf5 Rd7 81. Ra6 Rf7+ 82. Kg6 Rf1 83. e6 Rg1+ 84. Kf7 Rf1+
85. Ke8 Kb5 86. Rd6 Kc5 87. Kd7 Rf6 88. Rd1 Rh6 89. e7 Rh7 90. Kd8 1-0

[Event "Hastings Masters"]
[Site "?"]
[Date "2010.01.01"]
[Round "5.28"]
[White "Mason, Donald J"]
[Black "Wilson, Alexandra"]
[Result "1/2-1/2"]
[WhiteElo "2255"]
[BlackElo "2089"]
[PlyCount "76"]
[EventDate "2010.01.01"]
[SourceDate "2010.01.01"]

1. d4 e6 2. e4 d5 3. Nd2 Nf6 4. e5 Nfd7 5. Bd3 c5 6. c3 Nc6 7. Ngf3 Be7 8. O-O
a5 9. a4 cxd4 10. cxd4 g5 11. Nb3 h5 12. Be3 g4 13. Nfd2 Qb6 14. f4 f5 15. exf6
Bxf6 16. Nb1 Ne7 17. Nc3 O-O 18. Kh1 Bg7 19. Nb5 Nf6 20. Nc5 Nf5 21. Bf2 Bd7
22. Re1 Rae8 23. Rc1 Bxb5 24. axb5 g3 25. Bxf5 exf5 26. Bxg3 Rxe1+ 27. Qxe1 Re8
28. Qf1 Ne4 29. Qf3 Qxb5 30. Qxh5 Nxc5 31. dxc5 Qd7 32. Re1 Rxe1+ 33. Bxe1 Qb5
34. Bf2 Qf1+ 35. Bg1 Qxf4 36. Qe8+ Kh7 37. Qh5+ Kg8 38. Qe8+ Kh7 1/2-1/2

[Event "Hastings Masters"]
[Site "?"]
[Date "2010.01.01"]
[Round "5.29"]
[White "Sreeves, Clement"]
[Black "Kwiatkowski, Feliks J"]
[Result "1-0"]
[WhiteElo "2061"]
[BlackElo "2248"]
[PlyCount "55"]
[EventDate "2010.01.01"]
[SourceDate "2010.01.01"]

1. e4 c5 2. Nf3 Nc6 3. d4 cxd4 4. Nxd4 Nf6 5. Nc3 e5 6. Ndb5 d6 7. Bg5 a6 8.
Na3 b5 9. Nd5 Be7 10. Bxf6 Bxf6 11. c4 b4 12. Nc2 a5 13. Be2 O-O 14. O-O Bg5
15. Qd3 Bb7 16. Rfd1 Nb8 17. a3 bxa3 18. Qxa3 Nc6 19. c5 dxc5 20. Qxc5 Qb8 21.
Nb6 Qa7 22. Rd7 Rfd8 23. Rad1 Rxd7 24. Rxd7 Nd4 25. Nxd4 exd4 26. Rxb7 Qxb7 27.
Nxa8 Qxa8 28. Qxg5 1-0